000 00601nam a2200193Ia 4500
003 GCL
008 140319s9999 xx 000 0 eng d
040 _aGCL /
_cGCL
082 0 4 _a005.3
_bS I
100 1 _aCOMPUTER INPUT-OUTPUT EQUIPMENT
245 1 0 _aINTOMATION TO COMPUTERS AND INTOMATION SYSTEM 2ND ED /
_cCOMPUTER INPUT-OUTPUT EQUIPMENT
700 1 _aSZYMANSKI, ROBERT A.
700 1 _aSZYMANSKI, DONALD P.
700 1 _aMORRIS, NORMA A.
260 _a[S.N] :
_bMACMILLAN PUBLBISHING COMPANY ،
_c1991
300 _a768 P
650 0 4 _aCOMPUTER INPUT - OUTPUT EQUIPMENT
942 _2ddc
_cBK
999 _c10885
_d10885